Cómo ser una mujer y no morir en el intento.

Enregistré dans:
Détails bibliographiques
Auteur principal: Rico-Godoy, Carmen (autora)
Format: Livre
Langue:anglais
Publié: Madrid, España: Ediciones Temas de Hoy, 1991.
Édition:Vigesimoctava edición.
Collection:Colección El Papagayo,
Sujets:
Tags: Ajouter un tag
Pas de tags, Soyez le premier à ajouter un tag!

MARC

LEADER 00000nam a22000007a 4500
003 CL-VaPUC
005 20241121123110.0
008 241114t1991 ||||| |||| 00| 0 eng d
999 |c 445686  |d 445684 
020 |a 84-7880-033-6 
040 |c Pontificia Universidad Católica de Valparaíso 
082 |2 22  |a 863.44 RIC 1991 
100 |9 893762  |a Rico-Godoy, Carmen  |e autora 
245 |a Cómo ser una mujer y no morir en el intento. 
250 |a Vigesimoctava edición. 
260 |a Madrid, España:  |b Ediciones Temas de Hoy,  |c 1991. 
300 |a 196 páginas. 
490 |a Colección El Papagayo,  |n  27. 
500 |a c.1 Donación. Memo EDU. 12-11-2024. 
583 |c 20241114  |k Yessy Sthefany Diaz Vidal 
650 0 |9 265052  |a Novelas españolas  |y Siglo 20 
650 0 |9 257649  |a Mujeres  |x Humor, sátira, etc.  |x Literatura española 
942 |2 ddc  |c BK 
952 |0 0  |1 0  |2 ddc  |4 0  |6 863_440000000000000_RIC_1991  |7 0  |8 A  |9 597995  |a BIBEDU  |b BIBEDU  |d 2024-11-14  |e Donación   |i 5663221  |o 863.44 RIC 1991  |p 5663221  |r 2024-11-14  |t 1  |w 2024-11-14  |y BK  |k EDU